[Event "Ste-Foy - Polgar"]
[Site "Ste-Foy CAN"]
[Date "2019.06.08"]
[Round "5"]
[White "Michaud, Jacques"]
[Black "Tremblay, Charles"]
[Result "0-1"]
[WhiteElo "1549"]
[BlackElo "1436"]
[PlyCount "120"]
[EventDate "2019.05.11"]
[EventType "swiss"]
[EventRounds "5"]
[EventCountry "CAN"]

1. g3 e5 2. d4 exd4 3. Qxd4 Nc6 4. Qa4 Nf6 5. Nf3 Bc5 6. Nc3 O-O 7. Bg2 a6 8.
O-O b5 9. Qf4 Rb8 10. a3 Bb7 11. b4 Bb6 12. Bb2 d6 13. Rad1 Re8 14. Nh4 Ne7 15.
e4 Qc8 16. Nd5 Nexd5 17. exd5 Qg4 18. Qxg4 Nxg4 19. Bf3 Ne5 20. Bxe5 Rxe5 21.
Rfe1 Rbe8 22. Rxe5 Rxe5 23. Ng2 g6 24. Rd3 Kg7 25. Ne3 h5 26. Kf1 f5 27. c4 Kf6
28. cxb5 axb5 29. Bg2 g5 30. Nc2 Bc8 31. f4 Re7 32. Rd1 gxf4 33. gxf4 Be3 34.
Nxe3 Rxe3 35. Rc1 Re7 36. Kf2 h4 37. Bf1 Bb7 38. Bxb5 Bxd5 39. Bc6 Be4 40. Bxe4
fxe4 41. Rd1 Ke6 42. Ke3 d5 43. Kd4 Kd6 44. Rg1 c6 45. Rg6+ Kd7 46. Ke3 d4+ 47.
Kxd4 e3 48. Rg1 e2 49. Re1 Kd6 50. Kd3 Ra7 51. Kxe2 Rxa3 52. Rd1+ Ke6 53. Rd2
Kf5 54. Rd6 Kxf4 55. Rxc6 h3 56. Rf6+ Kg4 57. Rg6+ Kf4 58. Rf6+ Kg4 59. Rg6+
Kf5 60. Kf2 Kxg6 0-1

[Event "Ste-Foy - Tal"]
[Site "Ste-Foy CAN"]
[Date "2019.11.16"]
[Round "1"]
[White "Fahmi, Adam"]
[Black "Sauve, Richard"]
[Result "1/2-1/2"]
[WhiteElo "1466"]
[BlackElo "1923"]
[PlyCount "89"]
[EventDate "2019.11.16"]
[EventType "swiss"]
[EventRounds "5"]
[EventCountry "CAN"]

1. d4 e6 2. c4 d5 3. Nc3 Nf6 4. cxd5 exd5 5. Bg5 c6 6. e3 Bb4 7. a3 Bxc3+ 8.
bxc3 Qd6 9. Nf3 Nbd7 10. Bd3 O-O 11. O-O Re8 12. Qc2 h6 13. Bf4 Qe7 14. h3 Ne4
15. c4 Ndf6 16. cxd5 Nxd5 17. Bh2 Ndf6 18. Ne5 Nd6 19. Rfc1 Be6 20. Rab1 Nd5
21. e4 Nb6 22. a4 Nd7 23. Nf3 Nb6 24. Nd2 Nbc8 25. e5 Bd5 26. exd6 Nxd6 27.
Bxd6 Qxd6 28. Rxb7 Qf6 29. Bc4 Qxd4 30. Bxd5 Re2 31. Bxf7+ Kh8 32. Qf5 Qxd2 33.
Rxc6 Rd8 34. Rxh6+ Qxh6 35. Rxa7 Re1+ 36. Kh2 Qd6+ 37. g3 Rf8 38. Qh5+ Qh6 39.
Qxh6+ gxh6 40. a5 Rc8 41. Kg2 Re2 42. Bg6 Rf8 43. Bf7 Rb8 44. Bh5 Ra2 45. Bf7
1/2-1/2

[Event "Ste-Foy - Tal"]
[Site "Ste-Foy CAN"]
[Date "2019.11.16"]
[Round "1"]
[White "Fecteau, Martin"]
[Black "Turcotte, Roger"]
[Result "1-0"]
[WhiteElo "1880"]
[BlackElo "1402"]
[PlyCount "69"]
[EventDate "2019.11.16"]
[EventType "swiss"]
[EventRounds "5"]
[EventCountry "CAN"]

1. c4 c5 2. Nc3 Nc6 3. g3 Nf6 4. Bg2 e6 5. e3 d5 6. cxd5 Nxd5 7. Nxd5 exd5 8.
Ne2 Be7 9. d4 b6 10. Nc3 Be6 11. O-O O-O 12. dxc5 Bxc5 13. Nxd5 Rc8 14. e4 Qd7
15. Bd2 Rfe8 16. Bc3 Bxd5 17. exd5 Ne7 18. Qh5 Qf5 19. Qxf5 Nxf5 20. Bh3 g6 21.
Bxf5 gxf5 22. Rfe1 Rcd8 23. Rxe8+ Rxe8 24. Kf1 Kf8 25. Bf6 Re4 26. Rd1 Ke8 27.
Rd3 Kd7 28. Rf3 Bd4 29. Rxf5 Bxf6 30. Rxf6 Ke7 31. Rc6 Rd4 32. Rc7+ Kf6 33.
Rxa7 Rxd5 34. Ke2 Rb5 35. b3 1-0

[Event "Ste-Foy - Tal"]
[Site "Ste-Foy CAN"]
[Date "2019.11.16"]
[Round "1"]
[White "Poliquin, Yvon"]
[Black "Darveau, Michel"]
[Result "1-0"]
[WhiteElo "1968"]
[BlackElo "1506"]
[PlyCount "59"]
[EventDate "2019.11.16"]
[EventType "swiss"]
[EventRounds "5"]
[EventCountry "CAN"]

1. e4 e5 2. Nc3 Nc6 3. Nf3 Bc5 4. Bc4 Nf6 5. O-O O-O 6. d3 h6 7. a3 a6 8. h3 d6
9. b4 Ba7 10. Bb2 Ne7 11. Ne2 b5 12. Bb3 Ng6 13. d4 Bb7 14. dxe5 Nxe4 15. Bd5
Bxd5 16. Qxd5 Ng5 17. exd6 Nxf3+ 18. Qxf3 Qxd6 19. Rfd1 Qe6 20. Nd4 Bxd4 21.
Rxd4 Ne5 22. Qg3 Rad8 23. Rxd8 Rxd8 24. Qxe5 Qxe5 25. Bxe5 c6 26. Bc3 Rd5 27.
Kf1 c5 28. Re1 Kf8 29. bxc5 Rxc5 30. Bb4 1-0

[Event "Ste-Foy - Tal"]
[Site "Ste-Foy CAN"]
[Date "2019.11.23"]
[Round "2"]
[White "Dussault, Gilles"]
[Black "Laflamme, Simon"]
[Result "0-1"]
[WhiteElo "1352"]
[BlackElo "2057"]
[PlyCount "90"]
[EventDate "2019.11.16"]
[EventType "swiss"]
[EventRounds "5"]
[EventCountry "CAN"]

1. e4 Nf6 2. Nc3 e6 3. Bc4 d5 4. exd5 exd5 5. Bb3 d4 6. Nce2 c5 7. Nf3 Bd6 8.
O-O Bg4 9. Ng3 O-O 10. d3 Qc7 11. h3 Bxg3 12. fxg3 Bd7 13. Bf4 Qb6 14. a4 Nc6
15. Bd6 Rfe8 16. Ng5 Nd8 17. Rxf6 gxf6 18. Qh5 fxg5 19. Qxg5+ Kh8 20. Be5+ Rxe5
21. Qxe5+ Kg8 22. Rf1 Qg6 23. Kh2 Ne6 24. Qd6 Bc6 25. Qe5 Qg7 26. Qd6 Rd8 27.
Qe7 Rd7 28. Qh4 Qg5 29. Rf4 Qxh4 30. Rxh4 Bd5 31. Rg4+ Kf8 32. Rh4 Bxb3 33.
cxb3 f6 34. Re4 Nc7 35. Rf4 Nd5 36. Rf5 Kg7 37. g4 Nb4 38. Rxc5 Nxd3 39. Ra5
Nxb2 40. g5 d3 41. gxf6+ Kxf6 42. g4 d2 43. Rf5+ Ke6 44. Rf1 d1=Q 45. Rxd1 Nxd1
0-1

[Event "Ste-Foy - Tal"]
[Site "Ste-Foy CAN"]
[Date "2019.11.23"]
[Round "2"]
[White "Lescarbeau, Martin"]
[Black "Carrera, Ignacio"]
[Result "1/2-1/2"]
[WhiteElo "1674"]
[BlackElo "2078"]
[PlyCount "55"]
[EventDate "2019.11.16"]
[EventType "swiss"]
[EventRounds "5"]
[EventCountry "CAN"]

1. d4 Nf6 2. c4 e6 3. Nf3 b6 4. Nc3 Bb7 5. Bg5 Bb4 6. a3 Bxc3+ 7. bxc3 d6 8.
Nd2 Nbd7 9. f3 Qe7 10. e4 e5 11. Bd3 h6 12. Bh4 g5 13. Bf2 O-O-O 14. a4 Rdg8
15. a5 Nb8 16. Nb3 Nfd7 17. O-O h5 18. Qd2 g4 19. f4 h4 20. axb6 axb6 21. d5 g3
22. Be1 gxh2+ 23. Kxh2 exf4 24. Qxf4 Ne5 25. Be2 Rg6 26. Nd4 Rhg8 27. Rg1 Ng4+
28. Kh3 1/2-1/2

[Event "Ste-Foy - Tal"]
[Site "Ste-Foy CAN"]
[Date "2019.11.23"]
[Round "2"]
[White "Michaud, Jacques"]
[Black "Fecteau, Martin"]
[Result "0-1"]
[WhiteElo "1566"]
[BlackElo "1880"]
[PlyCount "92"]
[EventDate "2019.11.16"]
[EventType "swiss"]
[EventRounds "5"]
[EventCountry "CAN"]

1. d4 Nf6 2. c4 e6 3. Nc3 b6 4. e4 Bb7 5. Bg5 h6 6. Bxf6 Qxf6 7. f3 g6 8. Nge2
Bg7 9. Qd2 d6 10. d5 O-O 11. Qf4 Qe7 12. Rc1 Nd7 13. Ng3 Ne5 14. Be2 Ba6 15.
Nd1 h5 16. h4 Kh7 17. Nxh5 gxh5 18. Qg5 Qf6 19. Qxh5+ Qh6 20. Qxh6+ Bxh6 21.
Rc2 f5 22. Nf2 Be3 23. Nh3 Kg6 24. dxe6 fxe4 25. Ng5 Bxg5 26. hxg5 exf3 27.
gxf3 Nxf3+ 28. Kd1 Kxg5 29. Bd3 Bb7 30. Rg2+ Kf6 31. Rh6+ Ke5 32. Rh5+ Kd4 33.
Ke2 Ne5 34. Rh4+ Kc5 35. b4+ Kxb4 36. Rg7 Bf3+ 37. Ke3 c5 38. e7 Rfe8 39. Bf5
Bc6 40. Be4 Rac8 41. Bxc6 Nxc6 42. Re4 Rc7 43. Rg6 Rd7 44. Ree6 Rdxe7 45. Rxe7
Rxe7+ 46. Kd2 Ne5 0-1

[Event "Ste-Foy - Tal"]
[Site "Ste-Foy CAN"]
[Date "2019.11.23"]
[Round "2"]
[White "Oliver, Vance"]
[Black "Poliquin, Yvon"]
[Result "1/2-1/2"]
[WhiteElo "1627"]
[BlackElo "1968"]
[PlyCount "77"]
[EventDate "2019.11.16"]
[EventType "swiss"]
[EventRounds "5"]
[EventCountry "CAN"]

1. Nf3 Nc6 2. g3 e5 3. d3 Be7 4. Bg2 d6 5. Nc3 Be6 6. e4 h6 7. Be3 Qd7 8. Nd5
Bd8 9. Qd2 Nf6 10. Nxf6+ Bxf6 11. a3 Bh3 12. Bxh3 Qxh3 13. Qe2 O-O-O 14. Rg1
Qe6 15. h4 d5 16. Nh2 dxe4 17. dxe4 Nd4 18. Bxd4 Rxd4 19. c3 Rd7 20. Rd1 Rhd8
21. Rxd7 Rxd7 22. Qc2 g5 23. Nf3 Qg4 24. Qe2 Rd6 25. hxg5 hxg5 26. Rh1 Rd8 27.
Rh7 Rh8 28. Rxh8+ Bxh8 29. Qd3 Bf6 30. Nd2 a6 31. Nc4 Qe6 32. Ne3 Bd8 33. Nf5
Qb3 34. Qd2 Qc4 35. f3 g4 36. Ne3 Qc5 37. Qe2 gxf3 38. Qxf3 Kb8 39. Nf5 1/2-1/2

[Event "Ste-Foy - Tal"]
[Site "Ste-Foy CAN"]
[Date "2019.11.23"]
[Round "2"]
[White "Sarra-Bournet, Marc"]
[Black "Chabot, Michelin"]
[Result "1-0"]
[WhiteElo "1816"]
[BlackElo "1573"]
[PlyCount "37"]
[EventDate "2019.11.16"]
[EventType "swiss"]
[EventRounds "5"]
[EventCountry "CAN"]

1. e4 c5 2. Nc3 e6 3. f4 Ne7 4. Nf3 Nbc6 5. Bb5 Qc7 6. d3 a6 7. Bxc6 Nxc6 8.
O-O Be7 9. f5 O-O 10. Ng5 f6 11. Nxh7 Kxh7 12. Qh5+ Kg8 13. Rf3 Qd8 14. Rh3 Qe8
15. Qh7+ Kf7 16. Bh6 Rg8 17. Qg6+ Kf8 18. Bxg7+ Rxg7 19. Rh8+ 1-0

[Event "Ste-Foy - Tal"]
[Site "Ste-Foy CAN"]
[Date "2019.11.23"]
[Round "2"]
[White "Sauve, Richard"]
[Black "Kamara, Adama"]
[Result "1/2-1/2"]
[WhiteElo "1923"]
[BlackElo "1635"]
[PlyCount "75"]
[EventDate "2019.11.16"]
[EventType "swiss"]
[EventRounds "5"]
[EventCountry "CAN"]

1. d4 Nf6 2. c4 e6 3. Nc3 Bb4 4. Qc2 O-O 5. Bg5 h6 6. Bh4 c5 7. dxc5 Bxc3+ 8.
Qxc3 Ne4 9. Bxd8 Nxc3 10. Be7 Re8 11. Bd6 Ne4 12. f3 Nxd6 13. cxd6 b6 14. e4 e5
15. Ne2 Nc6 16. O-O-O Ba6 17. Nc3 Nd4 18. Nd5 Ne6 19. Rd2 Bb7 20. Kb1 Bxd5 21.
Rxd5 f6 22. g3 Ng5 23. Bg2 Rac8 24. Rc1 Rc6 25. c5 Rec8 26. b4 bxc5 27. Rcxc5
Rxc5 28. Rxc5 Rxc5 29. bxc5 Ne6 30. c6 dxc6 31. Bh3 Kf7 32. d7 Nd8 33. Kb2 Ke7
34. Kc3 Kd6 35. Kb4 Nb7 36. Bf5 g5 37. h4 Kc7 38. Bh3 1/2-1/2

[Event "Ste-Foy - Tal"]
[Site "Ste-Foy CAN"]
[Date "2019.11.30"]
[Round "3"]
[White "Carrera, Ignacio"]
[Black "Oliver, Vance"]
[Result "1-0"]
[WhiteElo "2078"]
[BlackElo "1627"]
[PlyCount "109"]
[EventDate "2019.11.16"]
[EventType "swiss"]
[EventRounds "5"]
[EventCountry "CAN"]

1. e4 g6 2. Nf3 Bg7 3. d4 d6 4. Nc3 a6 5. Be2 b5 6. O-O Nd7 7. Re1 Bb7 8. a3 c5
9. Bf1 cxd4 10. Nxd4 Rc8 11. Be3 Ngf6 12. f3 O-O 13. Bf2 Nh5 14. Nd5 e6 15. Ne3
Ne5 16. c3 Nc4 17. Nxc4 bxc4 18. b4 Be5 19. a4 Qf6 20. Qd2 d5 21. exd5 Bxd5 22.
Ne2 Rfd8 23. Bd4 Bxd4+ 24. Qxd4 e5 25. Qe3 Ba8 26. Ng3 Nxg3 27. hxg3 e4 28.
fxe4 Rc7 29. Rad1 Rxd1 30. Rxd1 Bc6 31. Qd4 Qg5 32. Qd8+ Qxd8 33. Rxd8+ Kg7 34.
Rd4 Bxa4 35. Rxc4 Rd7 36. Rd4 Rc7 37. c4 Bb3 38. Kf2 Kf6 39. Ke3 Ke6 40. Rd3
Ba2 41. Ra3 Bxc4 42. Rc3 Bxf1 43. Rxc7 h5 44. Kf4 f6 45. Rg7 g5+ 46. Ke3 Bxg2
47. Rh7 Ke5 48. Re7+ Kd6 49. Ra7 Bf1 50. Rh7 h4 51. gxh4 gxh4 52. Rxh4 Bb5 53.
Kd4 Bc6 54. Rh6 Ke6 55. e5 1-0

[Event "Ste-Foy - Tal"]
[Site "Ste-Foy CAN"]
[Date "2019.11.30"]
[Round "3"]
[White "Fecteau, Martin"]
[Black "Sarra-Bournet, Marc"]
[Result "1-0"]
[WhiteElo "1880"]
[BlackElo "1816"]
[PlyCount "159"]
[EventDate "2019.11.16"]
[EventType "swiss"]
[EventRounds "5"]
[EventCountry "CAN"]

1. c4 e5 2. Nc3 Nf6 3. e4 Bc5 4. Be2 O-O 5. Nf3 d6 6. O-O c6 7. d3 Be6 8. Na4
Nbd7 9. Nxc5 Nxc5 10. b4 Ncd7 11. Ng5 Re8 12. Nxe6 Rxe6 13. Qb3 Nf8 14. Be3 Ng6
15. g3 d5 16. Rad1 d4 17. Bc1 a5 18. a3 a4 19. Qc2 b5 20. c5 h6 21. f4 exf4 22.
gxf4 Re8 23. Bf3 Rc8 24. Qf2 Qd7 25. Qg3 Kh8 26. e5 Nd5 27. Bg4 Qe7 28. Bxc8
Rxc8 29. Rde1 Re8 30. Qf2 Qh4 31. Qxh4 Nxh4 32. Kf2 Nf5 33. Rg1 Re6 34. Kf3 g6
35. Bd2 Kh7 36. Re4 Kg7 37. Be1 Re8 38. Bf2 Nc3 39. Rxd4 Nxd4+ 40. Bxd4 Nd5 41.
Bb2 Kh7 42. Re1 Re6 43. Re4 Kg8 44. Re2 Kf8 45. Kg4 Ne7 46. d4 Nf5 47. Kf3 Ne7
48. Ke4 f5+ 49. Kf3 Nd5 50. Rd2 Kf7 51. Rd3 g5 52. fxg5 hxg5 53. Bc1 Rg6 54. h3
Ke6 55. Bd2 Ne7 56. Be1 g4+ 57. hxg4 Rxg4 58. Bf2 Kd5 59. Rd1 Ng6 60. Ke3 Re4+
61. Kf3 Nf4 62. Re1 Rxe1 63. Bxe1 Ne6 64. Bf2 Kc4 65. Be3 Kb3 66. d5 cxd5 67.
c6 Kxa3 68. Bb6 Kxb4 69. c7 Nxc7 70. Bxc7 Kc5 71. e6 Kc6 72. Be5 d4 73. Kf4 d3
74. Ke3 b4 75. Kxd3 a3 76. Kc2 a2 77. Kb2 b3 78. Bf4 Kd5 79. e7 Ke4 80. Bc7 1-0

[Event "Ste-Foy - Tal"]
[Site "Ste-Foy CAN"]
[Date "2019.11.30"]
[Round "3"]
[White "Laflamme, Simon"]
[Black "Lescarbeau, Martin"]
[Result "1-0"]
[WhiteElo "2057"]
[BlackElo "1674"]
[PlyCount "62"]
[EventDate "2019.11.16"]
[EventType "swiss"]
[EventRounds "5"]
[EventCountry "CAN"]

1. d4 Nf6 2. c4 e6 3. Nc3 Bb4 4. e3 O-O 5. Bd3 d5 6. Nf3 Bxc3+ 7. bxc3 dxc4 8.
Bxc4 b6 9. O-O Bb7 10. Ba3 Re8 11. Rb1 Nbd7 12. Nd2 e5 13. Qb3 Ne4 14. Bxf7+
Kh8 15. Nf3 Ng5 16. Nxg5 Qxg5 17. d5 Nf6 18. c4 c6 19. Rbd1 Red8 20. Be7 Rd7
21. Bxf6 gxf6 22. Be6 Rg7 23. g3 h5 24. e4 h4 25. g4 Bc8 26. Bxc8 Rxc8 27. h3
f5 28. exf5 Qxf5 29. Qe3 Rcg8 30. f3 Rg6 31. Rfe1 Qc2 1-0

[Event "Ste-Foy - Tal"]
[Site "Ste-Foy CAN"]
[Date "2019.11.30"]
[Round "3"]
[White "Poliquin, Yvon"]
[Black "Fahmi, Adam"]
[Result "1/2-1/2"]
[WhiteElo "1968"]
[BlackElo "1466"]
[PlyCount "62"]
[EventDate "2019.11.16"]
[EventType "swiss"]
[EventRounds "5"]
[EventCountry "CAN"]

1. e4 c5 2. Nc3 Nc6 3. Nge2 g6 4. d4 cxd4 5. Nxd4 Bg7 6. Be3 Nf6 7. Bc4 O-O 8.
Bb3 a5 9. a4 d5 10. exd5 Nb4 11. Nde2 Bg4 12. f3 Bf5 13. Nd4 Qc8 14. g4 Bd7 15.
Rg1 e6 16. Qd2 Nfxd5 17. Bh6 Bxh6 18. Qxh6 Nxc3 19. Rg3 Ncd5 20. Rh3 Nf6 21.
O-O-O Qc5 22. Nf5 exf5 23. Rxd7 fxg4 24. fxg4 Qg1+ 25. Rd1 Qxg4 26. Rg3 Qh5 27.
Qf4 Nfd5 28. Qd2 Ne7 29. Rf1 Nf5 30. Rg5 Qh3 31. Rgxf5 Qxf5 1/2-1/2

[Event "Ste-Foy - Tal"]
[Site "Ste-Foy CAN"]
[Date "2019.11.30"]
[Round "3"]
[White "Tremblay, Charles"]
[Black "Perron, Jonathan"]
[Result "1-0"]
[WhiteElo "1520"]
[BlackElo "1995"]
[PlyCount "137"]
[EventDate "2019.11.16"]
[EventType "swiss"]
[EventRounds "5"]
[EventCountry "CAN"]

1. c4 e5 2. Nc3 Nf6 3. Nf3 Nc6 4. g3 g6 5. Bg2 Bg7 6. O-O O-O 7. Rb1 d6 8. b4
Be6 9. d3 Nh5 10. Bd2 h6 11. b5 Ne7 12. Qa4 Qd7 13. Rfc1 f5 14. Ne1 Rab8 15.
Nd5 f4 16. Nxe7+ Qxe7 17. Qxa7 b6 18. Bd5 Rbc8 19. Bb7 Rcd8 20. Bd5 Rf7 21. Qb7
Rdf8 22. Nf3 g5 23. a4 Bf6 24. a5 bxa5 25. Bxa5 g4 26. Nd2 fxg3 27. fxg3 Bg5
28. Rf1 Be3+ 29. Kh1 Bxd2 30. Rxf7 Qxf7 31. Bxe6 Qxe6 32. Bxd2 Rf7 33. Qg2 Ng7
34. b6 cxb6 35. Rxb6 Qf6 36. Kg1 Nh5 37. Rb8+ Kg7 38. Rb7 Qg6 39. Qd5 Rxb7 40.
Qxb7+ Kh8 41. Qb8+ Kh7 42. Qc7+ Ng7 43. Bb4 Qg5 44. Kf2 Qf5+ 45. Ke1 e4 46.
Qxd6 exd3 47. Qxd3 Kg6 48. Bc3 Ne6 49. Bb4 h5 50. Kd2 Ng5 51. Qxf5+ Kxf5 52. c5
Ke6 53. Kd3 Nf7 54. Ke4 Ng5+ 55. Kd4 Nf7 56. Bd2 Ne5 57. Bf4 Ng6 58. e3 Kd7 59.
Bd6 Nh8 60. Kd5 Nf7 61. Bf4 Nd8 62. e4 Nc6 63. Bd6 Nb4+ 64. Kc4 Nc2 65. e5 Ne3+
66. Kb5 Nf1 67. c6+ Kc8 68. e6 h4 69. e7 1-0

[Event "Ste-Foy - Tal"]
[Site "Ste-Foy CAN"]
[Date "2019.12.07"]
[Round "4"]
[White "Carrera, Ignacio"]
[Black "Fecteau, Martin"]
[Result "0-1"]
[WhiteElo "2078"]
[BlackElo "1880"]
[PlyCount "102"]
[EventDate "2019.11.16"]
[EventType "swiss"]
[EventRounds "5"]
[EventCountry "CAN"]

1. e4 c5 2. Nf3 Nc6 3. Bb5 g6 4. Bxc6 dxc6 5. O-O Nf6 6. d3 Bg7 7. Nc3 O-O 8.
a4 a5 9. Be3 b6 10. h3 h6 11. d4 cxd4 12. Bxd4 Ba6 13. Re1 e6 14. Be5 Qc8 15.
Qd4 c5 16. Qe3 Kh7 17. Rad1 Qb7 18. Bxf6 Bxf6 19. e5 Be7 20. Ne4 Rad8 21. Nd6
Qc7 22. Rd2 f5 23. Red1 Bb7 24. Nxb7 Qxb7 25. Rxd8 Rxd8 26. Rxd8 Bxd8 27. Qb3
Qd7 28. Qd3 Qxd3 29. cxd3 Bc7 30. h4 Kg7 31. b3 Kf7 32. Kf1 Ke7 33. Ke2 Kd7 34.
Ke3 Kc6 35. Kf4 Kd5 36. g3 Bb8 37. Ke3 Bxe5 38. Nd2 Bc7 39. f4 e5 40. Nf3 exf4+
41. gxf4 Bd6 42. Nd2 Ke6 43. Nf3 Kf6 44. Nd2 g5 45. fxg5+ hxg5 46. hxg5+ Kxg5
47. Kf3 Kf6 48. Nc4 Bc7 49. Ke3 Ke6 50. d4 Kd5 51. dxc5 Kxc5 0-1

[Event "Ste-Foy - Tal"]
[Site "Ste-Foy CAN"]
[Date "2019.12.07"]
[Round "4"]
[White "Chabot, Michelin"]
[Black "Cummins, Paul"]
[Result "1/2-1/2"]
[WhiteElo "1573"]
[BlackElo "1683"]
[PlyCount "102"]
[EventDate "2019.11.16"]
[EventType "swiss"]
[EventRounds "5"]
[EventCountry "CAN"]

1. e4 c5 2. Nf3 e6 3. d4 cxd4 4. Nxd4 a6 5. Bc4 Qc7 6. Bb3 Nf6 7. Nc3 b5 8. a3
Bb7 9. f3 Nc6 10. Be3 Bd6 11. g3 b4 12. axb4 Bxb4 13. Nde2 Na5 14. Qd4 Nxb3 15.
cxb3 Be7 16. O-O O-O 17. Na4 Bc6 18. Rac1 Qb7 19. Qb6 Rab8 20. Qxb7 Rxb7 21.
Bc5 Bxc5+ 22. Nxc5 Ra7 23. Nd4 Rd8 24. Nxc6 dxc6 25. Rfd1 Rxd1+ 26. Rxd1 Kf8
27. Rd6 Ke7 28. Rxc6 Nd7 29. Rxa6 Rxa6 30. Nxa6 Kd6 31. Nb4 Kc5 32. Nd3+ Kb5
33. Kf2 f6 34. Ke3 Nb8 35. Kd4 Nc6+ 36. Kc3 e5 37. f4 exf4 38. gxf4 Ne7 39. h4
g6 40. b4 h6 41. Nc5 g5 42. fxg5 fxg5 43. hxg5 hxg5 44. Ne6 g4 45. Nf4 Nc6 46.
Kd2 Kxb4 47. Ke2 Kc4 48. Ke3 Ne5 49. Ne2 Kb3 50. Kf4 Nd3+ 51. Kxg4 Nf2+ 1/2-1/2

[Event "Ste-Foy - Tal"]
[Site "Ste-Foy CAN"]
[Date "2019.12.07"]
[Round "4"]
[White "Laflamme, Simon"]
[Black "Poliquin, Yvon"]
[Result "1-0"]
[WhiteElo "2057"]
[BlackElo "1968"]
[PlyCount "51"]
[EventDate "2019.11.16"]
[EventType "swiss"]
[EventRounds "5"]
[EventCountry "CAN"]

1. d4 c5 2. d5 e6 3. c4 exd5 4. cxd5 d6 5. Nc3 Ne7 6. e4 Ng6 7. Bb5+ Bd7 8.
Bxd7+ Nxd7 9. Nf3 Be7 10. O-O O-O 11. Nd2 a6 12. a4 b6 13. Nc4 Qc7 14. f4 f6
15. Qh5 Rfe8 16. Rf3 Ndf8 17. Rg3 Qd7 18. Nxb6 Qc7 19. Nc4 Reb8 20. f5 Ne5 21.
Bh6 g5 22. Nxe5 dxe5 23. h4 Rxb2 24. hxg5 fxg5 25. Bxg5 Bxg5 26. Qxg5+ 1-0

[Event "Ste-Foy - Tal"]
[Site "Ste-Foy CAN"]
[Date "2019.12.07"]
[Round "4"]
[White "Sarra-Bournet, Marc"]
[Black "Kamara, Adama"]
[Result "0-1"]
[WhiteElo "1816"]
[BlackElo "1635"]
[PlyCount "116"]
[EventDate "2019.11.16"]
[EventType "swiss"]
[EventRounds "5"]
[EventCountry "CAN"]

1. e4 d5 2. exd5 Nf6 3. d4 Bg4 4. Nf3 Qxd5 5. Be2 Nc6 6. c4 Qf5 7. O-O O-O-O 8.
d5 e6 9. Nc3 exd5 10. cxd5 Nxd5 11. Qb3 Bxf3 12. Bxf3 Nd4 13. Be4 Qe5 14. Qc4
Nxc3 15. bxc3 Qxe4 16. cxd4 Qxd4 17. Qxd4 Rxd4 18. Be3 Rd5 19. Rfc1 b6 20. a4
Bc5 21. Bf4 Rhd8 22. Kf1 g5 23. Be3 Bxe3 24. fxe3 Rd2 25. a5 R8d5 26. axb6 axb6
27. Ra8+ Kb7 28. Rh8 Rf5+ 29. Kg1 Rff2 30. Rxh7 Rxg2+ 31. Kh1 Rgf2 32. Rg1 Rd5
33. e4 Re5 34. Rg4 f6 35. Rf7 Re6 36. Kg1 Re2 37. h3 b5 38. Kf1 Rh2 39. Rg3 Rc6
40. Kg1 Re2 41. Rf3 Rc1+ 42. Rf1 Rcc2 43. Rb1 Rg2+ 44. Kf1 Rcf2+ 45. Ke1 Kb6
46. e5 Re2+ 47. Kf1 fxe5 48. Rc1 Rc2 49. Re1 Rh2 50. Kg1 Rxh3 51. Rxe5 Rd3 52.
Rxg5 Rc1+ 53. Kf2 Rc2+ 54. Ke1 Rh3 55. Kd1 Ra2 56. Rf1 Ra1+ 57. Ke2 Rh2+ 58.
Rf2 Ra2+ 0-1

[Event "Ste-Foy - Tal"]
[Site "Ste-Foy CAN"]
[Date "2019.12.07"]
[Round "4"]
[White "Sauve, Richard"]
[Black "Theodorescu, Paul"]
[Result "1-0"]
[WhiteElo "1923"]
[BlackElo "1648"]
[PlyCount "67"]
[EventDate "2019.11.16"]
[EventType "swiss"]
[EventRounds "5"]
[EventCountry "CAN"]

1. d4 Nf6 2. c4 e6 3. Nc3 Bb4 4. Qc2 c5 5. dxc5 Bxc5 6. Nf3 Nc6 7. a3 a5 8. Bg5
Qb6 9. e3 Ng4 10. h3 Nge5 11. Nxe5 Nxe5 12. Be2 O-O 13. O-O f6 14. Bf4 Ng6 15.
Bg3 Bxe3 16. fxe3 Qxe3+ 17. Bf2 Qh6 18. Rad1 e5 19. Nd5 f5 20. Nc7 b6 21. Nxa8
Bb7 22. Rd5 Nf4 23. Bg3 Nxh3+ 24. gxh3 Qxh3 25. Bh2 Rf6 26. Bf3 Rg6+ 27. Bg2
Bxa8 28. Rxf5 Bxd5 29. cxd5 Qe3+ 30. Qf2 Qc1+ 31. Qf1 Qe3+ 32. Kh1 h6 33. Rxe5
Rf6 34. Rxe3 1-0

[Event "Ste-Foy - Tal"]
[Site "Ste-Foy CAN"]
[Date "2019.12.14"]
[Round "5"]
[White "Auger, Bertrand"]
[Black "Fleury, Dominic"]
[Result "1-0"]
[WhiteElo "1914"]
[BlackElo "1372"]
[PlyCount "85"]
[EventDate "2019.11.16"]
[EventType "swiss"]
[EventRounds "5"]
[EventCountry "CAN"]

1. Nf3 b6 2. g3 Bb7 3. Bg2 Nc6 4. O-O Rb8 5. d4 e6 6. c4 Nf6 7. d5 Ne7 8. Nc3
exd5 9. cxd5 Nexd5 10. Nxd5 Nxd5 11. e4 Nf6 12. e5 Ne4 13. Nd4 Nc5 14. Bxb7
Nxb7 15. Qg4 g6 16. Bg5 Be7 17. Bh6 Nc5 18. Rad1 Qc8 19. Bg7 h5 20. Qf3 Rh7 21.
Bf6 Qb7 22. Rfe1 Qxf3 23. Nxf3 Ne6 24. Bxe7 Kxe7 25. Nd2 Rd8 26. Ne4 d5 27. Nf6
Rhh8 28. Nxd5+ Kf8 29. Nxc7 Rxd1 30. Nxe6+ fxe6 31. Rxd1 Rh7 32. Rd8+ Kg7 33.
Re8 Kf7 34. Ra8 g5 35. Rxa7+ Kg6 36. Rxh7 Kxh7 37. Kg2 Kg6 38. f4 g4 39. Kf2
Kf7 40. Ke3 Ke7 41. Kd4 Kd7 42. Kc4 Kc6 43. a4 1-0

[Event "Ste-Foy - Tal"]
[Site "Ste-Foy CAN"]
[Date "2019.12.14"]
[Round "5"]
[White "Fecteau, Martin"]
[Black "Laflamme, Simon"]
[Result "0-1"]
[WhiteElo "1880"]
[BlackElo "2057"]
[PlyCount "73"]
[EventDate "2019.11.16"]
[EventType "swiss"]
[EventRounds "5"]
[EventCountry "CAN"]

1. Nf3 Nf6 2. c4 g6 3. Nc3 Bg7 4. g3 O-O 5. Bg2 d6 6. d4 Nc6 7. O-O a6 8. Re1
Rb8 9. e4 b5 10. cxb5 axb5 11. Qc2 Bd7 12. h3 b4 13. Ne2 e5 14. dxe5 dxe5 15.
Be3 Re8 16. Red1 Qc8 17. Rac1 b3 18. axb3 Na5 19. Nd2 Be6 20. Qxc7 Qa6 21. Ra1
Qxe2 22. Bf1 Qh5 23. Qxa5 Bxh3 24. Qa6 Ng4 25. Bxh3 Nxe3 26. fxe3 Qxh3 27. Nf1
Rxb3 28. Rd2 Reb8 29. Qe2 Bh6 30. Rad1 Kg7 31. Qf2 R8b7 32. Rc2 Qg4 33. Rd6 Bg5
34. Rdc6 Qxe4 35. R6c3 Rxc3 36. bxc3 Rb1 37. Kh2 0-1

[Event "Ste-Foy - Tal"]
[Site "Ste-Foy CAN"]
[Date "2019.12.14"]
[Round "5"]
[White "Kamara, Adama"]
[Black "Cummins, Paul"]
[Result "1/2-1/2"]
[WhiteElo "1635"]
[BlackElo "1683"]
[PlyCount "111"]
[EventDate "2019.11.16"]
[EventType "swiss"]
[EventRounds "5"]
[EventCountry "CAN"]

1. e4 c5 2. Nc3 Nc6 3. f4 e6 4. Nf3 a6 5. g3 d5 6. e5 b5 7. d4 cxd4 8. Nxd4
Nxd4 9. Qxd4 Qc7 10. Be3 Bb7 11. a3 Rc8 12. Bd3 Qd7 13. Rf1 Bc5 14. Qxc5 Rxc5
15. Bxc5 Ne7 16. Ne2 g6 17. c3 O-O 18. Nd4 Rc8 19. Bd6 Nc6 20. Nb3 Nd8 21. Nc5
Qc6 22. Kd2 Ba8 23. Rfe1 Qb6 24. Nd7 Qa7 25. Nf6+ Kh8 26. Ng4 Nb7 27. Be7 Na5
28. Bf6+ Kg8 29. Rad1 Nb3+ 30. Kc2 Nc5 31. Bg5 h5 32. Nf6+ Kg7 33. g4 h4 34.
Bxh4 Rh8 35. Bg3 Qc7 36. Kb1 Nxd3 37. Rxd3 Qc4 38. Rd4 Qc8 39. h4 a5 40. h5 Bc6
41. Rh1 b4 42. h6+ Kf8 43. axb4 Qa6 44. h7 Bb5 45. Bh4 Bd3+ 46. Kc1 axb4 47.
Kd2 bxc3+ 48. bxc3 Bc4 49. Nd7+ Ke8 50. Rxc4 Qa2+ 51. Ke3 Qxc4 52. Nf6+ Ke7 53.
Nxd5+ Kf8 54. Nf6 Qxc3+ 55. Kf2 Qc2+ 56. Kg3 1/2-1/2

[Event "Ste-Foy - Tal"]
[Site "Ste-Foy CAN"]
[Date "2019.12.14"]
[Round "5"]
[White "Oliver, Vance"]
[Black "Chabot, Michelin"]
[Result "1-0"]
[WhiteElo "1627"]
[BlackElo "1573"]
[PlyCount "65"]
[EventDate "2019.11.16"]
[EventType "swiss"]
[EventRounds "5"]
[EventCountry "CAN"]

1. Nf3 c5 2. g3 Nc6 3. Bg2 b6 4. O-O Bb7 5. c3 d5 6. d4 e6 7. Re1 Nf6 8. Bg5 h6
9. Bxf6 Qxf6 10. e4 dxe4 11. Rxe4 Be7 12. Rf4 Qg6 13. Ne5 Nxe5 14. Bxb7 Rb8 15.
Qa4+ Nd7 16. Bc6 O-O 17. Bxd7 cxd4 18. cxd4 Rfd8 19. Nc3 Rb7 20. Bc6 Rc7 21. d5
Bg5 22. Rf3 exd5 23. Bxd5 Rdd7 24. Re1 Qd6 25. Re8+ Kh7 26. Qe4+ g6 27. Qd4 f6
28. h4 Rxc3 29. Bg8+ Kg7 30. Qxd6 Rc1+ 31. Kg2 Rxd6 32. hxg5 Rdd1 33. gxf6+ 1-0